| 000 | 00760cam a22001814a 4500 | ||
|---|---|---|---|
| 005 | 20250605164403.0 | ||
| 008 | 250528s ||||||||||||||||||||||||d | ||
| 035 | _a24671 | ||
| 040 |
_aGR-AtMCL _bgre _dGR-AtMCL _eAACR2 |
||
| 245 | 1 | _a'Άνοιξε' Νέος Κύκλος Επαφών με την Κυβέρνηση | |
| 260 |
_bMorax Media S.A, _c2021 |
||
| 300 | _a72 | ||
| 520 | _a4 Ψηφιακοί Γίγαντες στην Ασφάλιση, Οι Ομαδικές Ασφαλίσεις στην Πανδημία, Μια Ιστορία Γεμάτη 'Γιατί', Διάλογος ή Παράλληλοι Μονόλογοι. | ||
| 700 | 1 |
_aΜωράκης Φίλιππος _99500 |
|
| 942 | _cCR | ||
| 999 |
_c9538 _d9538 |
||